Statistics for Reggae Artists

Click here to take the quiz!

General Stats

  • This quiz has been taken 172 times
  • The average score is 4 of 15

Answer Stats

HintAnswer% Correct
This is WarBob Marley
68%
Mr LovermanShabba Ranks
36%
SummertimeShaggy
36%
Pass The DutchieMusical Youth
33%
MurdererBuju Banton
32%
IsraelitesDesmond Dekker
31%
Hold YuhGyptian
28%
Beautiful GirlsSean Kingston
28%
SweatInner Circle
23%
Homely GirlUB40
22%
LiquidatorHarry J Allstars
11%
Gal WineChaka Demus and Pliers
9%
Sweets for my SweetC.J Lewis
4%
Break My StrideBlue Lagoon
1%
Baby Come BackPato Banton and UB40
1%

Score Distribution

Percentile by Number Answered

Percent of People with Each Score

Your Score History

You have not taken this quiz